000 00384nam a2200145 i 4500
001 26508
003 ES-MaACL
005 20230906153443.0
007 t|
008 030109s1922 sp ||||1| spa d
245 0 0 _aAvance estadĂ­stico de huelgas correspondiente al primer semestre de 1922.
260 _aMadrid :
_bBética,
_c1922.
300 _a32 p.
852 _aES-MaACL
_j1649-F-22
999 _c26508
_d26508